000 00325nam a2200145Ia 4500
005 20251222152657.0
008 251222s9999||||xx |||||||||||||| ||spa||
020 _a8420426342
082 _a813.52/F28
100 _aFaulkner, Wiliam
245 0 _aLuz de Agosto
250 _a1ra. ed.
264 _bAlfaguara
942 _cLIB
999 _c28698
_d28698